Bir yaz gecesi rüyası / (Record no. 14547)

MARC details
000 -BAŞLIK
Sabit Uzunlukta Kontrol Alanı 00673nam a22002297a 4500
999 ## - SİSTEM KONTROL NUMARALARI (KOHA)
Koha Biblionumber 14547
Koha Biblioitemnumber 14547
003 - KONTROL NUMARASI IDENTIFIER
Denetim Alanı MIRAKIL
005 - SON İŞLEM TARİHİ VE ZAMANI
Denetim Alanı 20211014170336.0
008 - SABİT-BOY VERİ ELEMANLARI - GENEL BİLGİLER
Sabit Uzunlukta Kontrol Alanı 211014b tu ||||| |||| 00| 0 tur d
020 ## - ULUSLARARASI STANDART KİTAP NUMARASI
Uluslararası Standart Kitap Numarası 9789751403445
040 ## - KATALOGLAMA KAYNAK
Orijinal Kataloglama Ajansı TR-AnCHP
Metne Dönüştürmek Ajansı TR-AnCHP
041 ## - DİL KODU
Metin / Ses Parça Veya Ayrı Başlığın Dil Kodu tur
082 ## - DEWEY ONLU SINIFLANDIRMA NUMARASI
Sınıflandırma Numarası 822.33
Ürün Numarası S32b 2002
100 1# - ANA GİRİŞ - KİŞİSEL İSİM
Kişisel Ad Shakespeare, William
Bir Adıyla İlişkilendirilen Tarihler 1564-1616
245 10 - BAŞLIK TABLOSU
Başlık Bir yaz gecesi rüyası /
Sorumluluk Tablosu, Vb Shakespeare ; Türkçesi: Bülent Bozkurt.
250 ## - EDITION TABLOSU
Baskı Beyanı 5 bs.
260 ## - YAYIN, DAĞITIM, VB
Yayın, Dağıtım, Vb Yeri İstanbul:
Yayıncı, Dağıtıcı, Vs Adı Remzi Kitabevi,
Yayın, Dağıtım, Vb Tarihi 2002.
300 ## - FİZİKSEL TANIM
Kapsam 119 s.:
Boyutlar 20 sm.
504 ## - KAYNAKÇA VB NOT
Kaynakça Vb Notu Kaynakça vardır.
650 #0 - KONU KATMA GİRİŞ - TOPİKAL DÖNEM
9 (RLIN) 5124
Topikal Süreli Veya Coğrafi Ad Giriş Elemanı İngiliz edebiyatı
Genel Alt Bölümü Tiyatro
700 ## - KATMA GİRİŞ - KİŞİSEL İSİM
9 (RLIN) 6765
Kişisel Ad Bozkurt, Bülent
Relator Terim çev.
942 ## - EKLENDİ GİRİŞ ELEMANLARI (KOHA)
Sınıflandırma Veya Raf Düzeni Kaynak Dewey Decimal Classification
Koha Öğesi Türü Books
Holdings
Kalıcı Konum Mevcut Konum Edinme Tarihi Toplam Check-Out'Lar Tam Çağrı Numarası Barkod Tarih Son Görülme İtibaren Geçerli Fiyatlar Koha Öğesi Türü
CHP Kütüphanesi CHP Kütüphanesi 10/14/2021   822.33 S32b 2002 020044 10/14/2021 10/14/2021 Books